Score 0/9 Timer 01:00
5 Plays Today
% Correct
Sailor Moon
94.1%
Lady Snowblood
92.4%
Samurai Jack
90.8%
Mr. Miyagi
89.5%
Scorpion
89.1%
Sulu
87.8%
Hiro
86.6%
Shredder
85.3%
Kato
80.7%

You're not logged in!

Compare scores with friends on all Sporcle quizzes.
OR
Log In

Sporcle TV

Today on Sporcle TV


Watch our educational content, quiz creation guides, and fun videos on Sporcle TV.

Show Comments

Extras

Top Quizzes Today


Score Distribution

Paid Content

Your Account Isn't Verified!

In order to create a playlist on Sporcle, you need to verify the email address you used during registration. Go to your Sporcle Settings to finish the process.

Report this User

Report this user for behavior that violates our Community Guidelines.

Details: